000 00638cam a22002293a 4500
001 25571
003 PGUSA
005 20140828083541.0
008 080523s2008||||xxu|||||s|||||000 | eng d
040 _aPGUSA
_beng
042 _adc
050 4 _aDA
100 1 _aCaine, Hall,
_cSir,
_d1853-1931
245 1 4 _aThe Little Manx Nation - 1891
_h[electronic resource] /
_cHall, Caine
260 _bProject Gutenberg,
_c2008
506 _aPublic domain in the USA.
516 _aElectronic text
653 _aIsle of Man -- History
830 0 _aProject Gutenberg
_v25571
856 4 0 _uhttp://www.gutenberg.org/ebooks/25571
942 _cEB
999 _c254826
_d254826